000 00488nam a2200169 a 4500
001 000035570
005 20200930074436.0
008 111103s1977 br 000 0 spa d
020 _a8425209633
040 _aDO-SdBNP
_bspa
_cBNPHU
100 1 _aMurray, Ray
_961471
240 1 0 _aManual of techmique
_lspa
245 1 0 _aManual de técnicas /
_cRay Murray.
260 _aBarcelona,España :
_bGustavo Gili,
_c1977.
300 _a199 p. :
_bil., retrs. ;
_c26 cm.
500 _aIncluye índice
999 _c35061
_d35061